| 000 | 00676nam a2200229 u 4500 | ||
|---|---|---|---|
| 005 | 20240228063653.0 | ||
| 008 | 141119s2005 r 000 0 eng d | ||
| 020 | _a846670292X | ||
| 035 | _aUPN01000200827 | ||
| 049 | _aI | ||
| 050 | 4 |
_aPZ76.3 _bB3.38 |
|
| 100 | 1 |
_aBalzola Elorza, Asun, _d1942-2006 _930383 |
|
| 245 | 1 | 0 |
_aGuillermo, ratón de biblioteca / _cAsun Balzola. |
| 250 | _a4a ed. | ||
| 260 |
_aMadrid : _bAnaya, _c2005. |
||
| 300 |
_a[32] p. : _bil. col. |
||
| 440 | 0 |
_aSopa de libros ; _v58 _pA partir de 4 años |
|
| 650 | 0 |
_aAnimales _vCuentos y leyendas _9234 |
|
| 650 | 4 |
_aLiteratura infantil española _95892 |
|
| 905 | _aInfantil | ||
| 999 |
_c172928 _d172928 |
||